Logo BPK

Bibliografia Prac Pracowników

Politechniki Koszalińskiej

High-pressure hybrid jet structure / (Rekord nr 1188)

Szczegóły MARC
000 -ETYKIETA REKORDU
podpole kontrolne o stałej długości 00651nab a2200193 i 4500
001 - NUMER KONTROLNY REKORDU
podpole kontrolne BPP
003 - IDENTYFIKATOR NUMERU KONTROLNEGO REKORDU
podpole kontrolne BPK
005 - DATA OSTATNIEJ MODYFIKACJI REKORDU
podpole kontrolne 20160107120629.0
008 - POLE O STAŁEJ DŁUGOŚCI - DANE KONTROLNE
podpole kontrolne o stałej długości 150319s2004 pl n f |000 0eng
040 ## - ŹRÓDŁO KATALOGOWANIA
Instytucja, która utworzyła rekord BPK
041 ## - KOD JĘZYKA
Kod języka tekstu eng
044 ## - KOD KRAJU WYDAWCY/PRODUCENTA
Kod kraju wydawcy/producenta POL
100 ## - NAZWA OSOBOWA
Nazwa osobowa BORKOWSKI, Przemysław.
Lata pracy 1993 - 1996.
Instytucja Wyższa Szkoła Inżynierska w Koszalinie - Wydział Mechaniczny,
Wydział Katedra Inżynierii Mechanicznej
245 ## - TYTUŁ/ODPOWIEDZIALNOŚĆ
Tytuł High-pressure hybrid jet structure /
Pozostałe elementy strefy tytułu i oznaczenia odpowiedzialności Przemysław Borkowski.
260 ## - STREFA ADRESU WYDAWNICZEGO
Data publikacji, dystrybucji/powstania dokumentu 2004.
500 ## - UWAGI OGÓLNE
Tekst uwagi Dane z bibliografii załącznikowej.
773 ## - TYTUŁ DOKUMENTU MACIERZYSTEGO
Wyrażenie wprowadzające W :
Tytuł Journal of Jet Flow Engineering. -
Informacje dotyczące relacji 2004, Vol. 21, No. 3, pp. 11-15
942 ## - HASŁO DODATKOWE - ELEMENTY(KOHA)
Typ dokumentu Artykuł
Schemat klasyfikacji Uniwersalna klasyfikacja dziesiętna

Brak dostępnych egzemplarzy.

© 2014 Biblioteka Politechniki Koszalińskiej :: BIBLIOGRAFIA PRAC PRACOWNIKÓW